Agriculture in the planning and management of Peri-Urban areas /
Guardado en:
| Autor Corporativo: | |
|---|---|
| Formato: | Libro |
| Idioma: | Undetermined |
| Publicado: |
París :
Organisation for Economic Co-operation and Development,
c1979.
|
| Etiquetas: |
Agregar Etiqueta
Sin Etiquetas, Sea el primero en etiquetar este registro!
|
| LEADER | 00624nam a22001455a 4500 | ||
|---|---|---|---|
| 001 | EEA.libagro010041 | ||
| 005 | 20181116124417.0 | ||
| 008 | 140715s1979####xx############000#0#und#d | ||
| 020 | |a 9264118926 | ||
| 245 | 1 | 0 | |a Agriculture in the planning and management of Peri-Urban areas / |c Organisation for economic Co-Operation and Development. |
| 260 | |a París : |b Organisation for Economic Co-operation and Development, |c c1979. | ||
| 300 | |a 2 v. ; |c 24 cm. | ||
| 500 | |a La biblioteca posee v. 1 Síntesis. | ||
| 710 | 2 | |a Organisation for Economic Co-operation and Development. | |
| 859 | |a AR-BbBCA |b BIB. AGRONOMIA |h 307.74 |i O15 |p 1991/1699 |v 1 |3 Vol. 1 | ||
